00389nam a2200121Ia 4500082001200000100002600012245010600038260003300144300001200177650002400189650003000213710002400243 aTG.0163 aGhosh, Sekhar Chandra 0aDevelopment of the law of the territorial sea and the contiguous zone with special reference to India c1981bUniversity of Calcutta avi, 530 aMaritime lawzIndia aTerritorial waterszIndia aGhosh, Birendranath